000 00672cam a2200217 i 4500
001 49462
005 20230410115450.0
008 071112b1968 us a 000 0 spa
040 _aDRFGD
_bspa
041 0 _aspa
050 1 4 _aHD 7801
_bA639 1968
082 0 0 _a331.13/3/0968
_219
245 1 3 _aEl Apartheid y el trato dado a los presos en Sudáfrica :
_bdeclaraciones y testimonios jurados.
260 _aNueva York :
_bNaciones Unidas,
_c1968.
300 _a121 p.
610 2 0 _aInternational Labour Office
_zSouth Africa.
651 0 _aSouth Africa
_xRace relations.
650 0 _aDiscrimination in employment
_zSouth Africa.
942 _2lcc
_cbk
946 _amjcruz
999 _c41750
_d41750